5HLuxD.jpg

KING HENRY VIII SENIOR AND PRIMARY SCHOOL LIBRARY OPAC

This is my day / (Record no. 2546)

000 -LEADER
fixed length control field 00678nam a2200253 a 4500
001 - CONTROL NUMBER
control field 016028771
003 - CONTROL NUMBER IDENTIFIER
control field UkOxU
005 - DATE AND TIME OF LATEST TRANSACTION
control field 20230713114803.0
008 - FIXED-LENGTH DATA ELEMENTS--GENERAL INFORMATION
fixed length control field 030528r20021998enk j 000 1 eng
015 ## - NATIONAL BIBLIOGRAPHY NUMBER
National bibliography number bA2X2258
020 ## - INTERNATIONAL STANDARD BOOK NUMBER
International Standard Book Number 9780749646776 (pbk)
035 ## - SYSTEM CONTROL NUMBER
System control number (UkLCURL)b80013163866
040 ## - CATALOGING SOURCE
Modifying agency IeDuTC
-- KH8
Transcribing agency StDuBDS
049 ## - LOCAL HOLDINGS (OCLC)
Local processing data b
082 14 - DEWEY DECIMAL CLASSIFICATION NUMBER
Classification number 823.914 DOD
Edition number 21
100 1# - MAIN ENTRY--PERSONAL NAME
Personal name Dodds, Siobhan.
Relator term Author
245 10 - TITLE STATEMENT
Title This is my day /
Statement of responsibility, etc. Siobhan Dodds.
260 ## - PUBLICATION, DISTRIBUTION, ETC.
Place of publication, distribution, etc. London :
Name of publisher, distributor, etc. Watts,
Date of publication, distribution, etc. 2002.
300 ## - PHYSICAL DESCRIPTION
Extent [22] p :
Other physical details chiefly col. ill ;
Dimensions 21 cm.
500 ## - GENERAL NOTE
General note Originally published: 1998.
650 ## - SUBJECT ADDED ENTRY--TOPICAL TERM
Topical term or geographic name entry element children's stories
830 #0 - SERIES ADDED ENTRY--UNIFORM TITLE
Uniform title Me and my world
942 ## - ADDED ENTRY ELEMENTS (KOHA)
Source of classification or shelving scheme
Koha item type Books
Holdings
Withdrawn status Lost status Source of classification or shelving scheme Damaged status Not for loan Collection code Permanent Location Current Location Shelving location Date acquired Total Checkouts Full call number Barcode Date last seen Date last checked out Price effective from Koha item type
          Fiction KH8 Primary School Library KH8 Primary School Library Non Fiction 2023-07-13 9 823.914 DOD KHPL000004274 2026-02-10 2026-01-27 2023-07-13 Books

Powered By KH8 IT Dept